Буквы и звуки в русском языке (Запись № 12957441)

Подробности
000 -МАРКЕР
контрольное поле 02119nam0a2200433 4500
001 - ИДЕНТИФИКАТОР ЗАПИСИ
контрольное поле RU\NLR\BIBL_A\016295443
005 - ИДЕНТИФИКАТОР ВЕРСИИ
контрольное поле 20250625031149.0
010 ## - МЕЖДУНАРОДНЫЙ СТАНДАРТНЫЙ НОМЕР КНИГИ (ISBN)
Номер (ISBN) 978-5-00204-691-1
Тираж 500
021 ## - НОМЕР ГОСУДАРСТВЕННОЙ РЕГИСТРАЦИИ
Код страны российская федерация
Номер 2023-1570
Номер Листа государственной регистраци КН-П-141
035 ## - ДРУГИЕ СИСТЕМНЫЕ НОМЕРА
Идентификатор записи (RuMoRGB)011529460
035 ## - ДРУГИЕ СИСТЕМНЫЕ НОМЕРА
Идентификатор записи (NLR Aleph) 016295443
100 ## - ДАННЫЕ ОБЩЕЙ ОБРАБОТКИ
Данные общей обработки 20230221d2022 |||y0rusy50 ca
101 0# - ЯЗЫК РЕСУРСА
Язык текста, звукозаписи и т.д. русский
-- турецкий
102 ## - СТРАНА ПУБЛИКАЦИИ ИЛИ ПРОИЗВОДСТВА
Страна публикации российская федерация
105 ## - ПОЛЕ КОДИРОВАННЫХ ДАННЫХ: ТЕКСТОВЫЕ МАТЕРИАЛЫ, МОНОГРАФИЧЕСКИЕ
Кодированные данные о монографическом текстовом документе ac||j||||||z|
181 #1 - ПОЛЕ КОДИРОВАННЫХ ДАННЫХ: ВИД СОДЕРЖАНИЯ
Код вида содержания (ISBD) i3
Код характеристики содержания (ISBD) axxe
182 #1 - ПОЛЕ КОДИРОВАННЫХ ДАННЫХ: ТИП СРЕДСТВА
Код типа средства (ISBD) n - непосредственное
200 1# - ЗАГЛАВИЕ И СВЕДЕНИЯ ОБ ОТВЕТСТВЕННОСТИ
Основное заглавие Буквы и звуки в русском языке
Параллельное заглавие Rus dilinde harfler ve sesler
Сведения, относящиеся к заглавию [пособие
-- для лиц, говорящих на турецком языке и изучающих русский язык на начальном и среднем этапах
-- для достижения уровней A1 и A2
Первые сведения об ответственности Г. З. Секизкардеш (Габтрахманова)]
Язык параллельного заглавия турецкий
203 ## - ВИД СОДЕРЖАНИЯ И ТИП СРЕДСТВА
Вид содержания Текст
Дополнительные сведения об издании визуальный
Тип средства непосредственный
210 ## - ПУБЛИКАЦИЯ, РАСПРОСТРАНЕНИЕ И ДР.
Место издания, распространения и т.д. Москва
Имя издателя, распространителя и т. д. Перо
Дата издания, распространения и т.д. 2022
215 ## - ФИЗИЧЕСКАЯ ХАРАКТЕРИСТИКА
Специфическое обозначение материала и объем 54 с.
Другие сведения о физической характеристике цв. ил., порт.
Размеры 10х14
300 ## - ОБЩИЕ ПРИМЕЧАНИЯ
Текст примечания Авт. также на тур. яз: Sekizkardeş Cabtrakhmanova Güzel
300 ## - ОБЩИЕ ПРИМЕЧАНИЯ
Текст примечания Авт. указан в макете
300 ## - ОБЩИЕ ПРИМЕЧАНИЯ
Текст примечания Часть информ. в кн. размещена в электрон. версии, доступ к которой в ссылках QR-кодов
510 1# - ПАРАЛЛЕЛЬНОЕ ЗАГЛАВИЕ
Связь между полями z33790
Параллельное заглавие Rus dilinde harfler ve sesler
Язык заглавия турецкий
606 1# - НАИМЕНОВАНИЕ ТЕМЫ КАК ПРЕДМЕТ
Наименование темы Русский язык
Формальный подзаголовок Учебные издания для иностранцев
Тематический подзаголовок Фонетика
Системный номер авторитетной/нормативной записи 1547668
Идентификатор авторитетной/нормативной записи RU\NLR\AUTH\66976537
675 ## - УНИВЕРСАЛЬНАЯ ДЕСЯТИЧНАЯ КЛАССИФИКАЦИЯ (UDC/УДК)
Индекс 811.161.1(075.4)
Издание 4
686 1# - ИНДЕКСЫ ДРУГИХ КЛАССИФИКАЦИЙ
Индекс Ш141.12-93тур-1
700 #1 - ИМЯ ЛИЦА - ПЕРВИЧНАЯ ОТВЕТСТВЕННОСТЬ
Графика поля Кириллица
Материалы, к которым относится поле rus
Начальный элемент ввода Секизкардеш
Часть имени, кроме начального элемента ввода Г. З.
Расширение инициалов личного имени Гузель Зиннуровна
Системный номер авторитетной/нормативной записи 253733
Идентификатор авторитетной/нормативной записи RU\NLR\AUTH\770253789
790 #1 - ИМЯ ЛИЦА - АЛЬТЕРНАТИВНАЯ ФОРМА
Графика поля Латинская
Материалы, к которым относится поле rus
Начальный элемент ввода Sekizkardeš
Часть имени, кроме начального элемента ввода G. Z.
Расширение инициалов личного имени Guzel' Zinnuruvna
Системный номер авторитетной/нормативной записи 253739
Идентификатор авторитетной/нормативной записи RU\NLR\AUTH\770253795
852 ## - МЕСТОНАХОЖДЕНИЕ И ШИФР ХРАНЕНИЯ
Идентификатор организации NLR
Наименование фонда или коллекции (Sub-Location Identifier) ОЛСАА-тур
Шифр хранения (Call Number) 1-120
942 ## - ДОПОЛНИТЕЛЬНЫЕ ЭЛЕМЕНТЫ ЗАПИСИ (АБИС)
Тип экземпляра АБИС Книга
980 ## - КОЛЛЕКЦИЯ
Название коллекции Национальная библиография
980 1# - КОЛЛЕКЦИЯ
Название коллекции
Экземпляры
Тип экземпляра Дата поступления Источник поступления Библиотека постоянного хранения Библиотека текущего хранения Место хранения Шифр хранения Штрих-код Статус не для выдачи
Книга 21.02.2023 Обязательный экземпляр РНБ (Московский) РНБ (Московский) Фонд литературы на языках стран Азии и Африки ОЛСАА-тур 1-120 1-4123869  
Книга 21.02.2023 Обязательный экземпляр РНБ (Московский) РНБ (Московский) Фонд литературы на языках стран Азии и Африки, подручный ОЛСАА-тур 1-120а 1-4123870